Antarrashtriya rajniti ke siddhant (Record no. 150811)

MARC details
000 -LEADER
fixed length control field 00366nam a2200145Ia 4500
008 - FIXED-LENGTH DATA ELEMENTS--GENERAL INFORMATION
fixed length control field 230917s9999||||xx |||||||||||||| ||und||
040 ## - CATALOGING SOURCE
-- 169122
Original cataloging agency VIVEKANANDA LIBRARY
041 ## - Language
-- English
082 ## - DDC NUMBER
Classification number 327.101 M687A
100 ## - MAIN ENTRY--PERSONAL NAME
Personal name Mishra, K K
245 #0 - TITLE STATEMENT
Title Antarrashtriya rajniti ke siddhant
260 ## - PUBLICATION, DISTRIBUTION, ETC. (IMPRINT)
Place of publication, distribution, etc New Delhi
Name of publisher, distributor, etc Anamika Publishers
Date of publication, distribution, etc 2010
300 ## - PHYSICAL DESCRIPTION
Pages 200 p.
942 ## - ADDED ENTRY ELEMENTS (KOHA)
Koha item type Books
Holdings
Withdrawn status Lost status Damaged status Not for loan Location (home branch) Sublocation or collection (holding branch) Date acquired Koha issues (times borrowed) Koha full call number Accession No. Koha date last seen Koha item type
        VIVEKANANDA LIBRARY VIVEKANANDA LIBRARY 24/11/2010 1 327.101 M687A 272732 14/10/2023 Books
        VIVEKANANDA LIBRARY VIVEKANANDA LIBRARY 24/11/2010 3 327.101 M687A 283972 20/02/2025 Books
        VIVEKANANDA LIBRARY VIVEKANANDA LIBRARY 24/11/2010   327.101 M687A 297667 17/09/2023 Books
        VIVEKANANDA LIBRARY VIVEKANANDA LIBRARY 24/11/2010 9 327.101 M687A 342149 12/04/2025 Books
        VIVEKANANDA LIBRARY VIVEKANANDA LIBRARY 24/11/2010 5 327.101 M687A 345933 06/12/2024 Books
© Designed and Maintained by Vivekananda Library, MDU Rohtak